Statistics for Guess the My Chemical Romance song based on the lyric

Click here to take the quiz!

General Stats

  • This quiz has been taken 25 times
  • The average score is 14 of 20

Answer Stats

HintAnswer% Correct
When I was, a young boy, my father, took me into the city, to see a marching bandWelcome to the Black Parade
91%
What's the worst that I can say? Things are better if I stayHelena
87%
They could care less as long as someone'll bleed, so darken your clothes, or strike a violent poseTeenagers
87%
'Cause the hardest part of this is leaving youCancer
78%
I am not afraid to keep on living, I am not afraid to walk this world aloneFamous Last Words
78%
Remember when you broke your foot from jumping out the second floor?I'm Not Okay (I Promise)
78%
And if you get to heaven, I'll be here waiting, babe did you get what you deserveDead!
74%
So give me all your poison, and give me all your pills, and give me all your hopeless hearts and make me illThank You For The Venom
70%
At the end of the world, or the last thing I see you are never coming home, never coming homeThe Ghost of You
70%
You're just a sad song with nothing to say, about a life long wait for a hospital stayDisenchanted
65%
And after all this time that you still owe, you're still the good-for-nothing, I don't knowI Don't Love You
65%
And when we go, don't blame us, yeah, we'll let the fires just bathe us yeahMama
65%
Take the cash and I'll keep it eight legs to the wall hit the gas, kill 'em allNa Na Na (Na Na Na Na Na Na Na Na Na)
65%
Ladies and gentlemen, truth is now acceptable, fame is now injectable, process the progressPlanetary (GO!)
61%
Give me a shot to remember, and you can take all the pain away from meThe Sharpest Lives
61%
And raise your voice, every single time they try and shut your mouthSING
57%
Well, they're never gonna get me, like a bullet through a flock of dovesYou Know What They Do to Guys Like Us in Prison
57%
Gravity, don't mean to much to me, I'm who I've got to beBulletproof Heart
52%
All we are, all we are is bullets, I mean thisDemolition Lovers
52%
The amount of pills I'm taking counteracts the booze I'm drinkingHoney, This Mirror Isn't Big Enough for the Two of Us
48%

Score Distribution

Percentile by Number Answered

Percent of People with Each Score

Your Score History

You have not taken this quiz